|
|
|
|
| LEADER |
00000nam0a2200000 4500 |
| 001 |
199259 |
| 005 |
20231031184157.0 |
| 035 |
|
|
|a (RuTPU)RU\TPU\book\217286
|
| 090 |
|
|
|a 199259
|
| 100 |
|
|
|a 20110728d1924 km y0rusy50 ca
|
| 101 |
0 |
|
|a rus
|
| 102 |
|
|
|a RU
|
| 105 |
|
|
|a a z 001zy
|
| 200 |
1 |
|
|a Паровые котлы в тепловых расчетах и цифрах
|f В. Н. Шретер
|
| 210 |
|
|
|a Москва
|c Государственное техническое изд-во
|d 1924
|
| 215 |
|
|
|a 112 с.
|c ил.
|
| 225 |
1 |
|
|a Инженерно-промышленная библиотека
|v № XIII
|
| 320 |
|
|
|a Библиогр.: с. 95.
|
| 610 |
1 |
|
|a паровые котлы
|
| 610 |
1 |
|
|a тепловые расчеты
|
| 610 |
1 |
|
|a поверхности нагрева
|
| 610 |
1 |
|
|a аналитический расчет
|
| 610 |
1 |
|
|a графический расчет
|
| 610 |
1 |
|
|a КПД
|
| 610 |
1 |
|
|a коэффициент полезного действия
|
| 610 |
1 |
|
|a экономайзеры
|
| 675 |
|
|
|a 621.18
|v 3
|
| 700 |
|
1 |
|a Шретер
|b В. Н.
|
| 801 |
|
1 |
|a RU
|b 63413507
|c 20110728
|
| 801 |
|
2 |
|a RU
|b 63413507
|c 20110916
|g RCR
|
| 942 |
|
|
|c BK
|